Statistiques concernant Pyramide de mots n°11

Cliquez ici pour prendre le quiz!

Statistiques générales

  • Ce quiz a été pris 300 fois
  • Le résultat moyen est 4 sur 6

Statistiques - réponses

LettresIndicesMots% Correct
A,CCelaÇa
99%
Femelle du canardCane
95%
Modal anglaisCan
89%
Elle tapisse les coquillagesNacre
42%
Fixer solidementAncrer
40%
PrétentieuxCraneur
36%

Distribution des résultats

Percentile par nombre de réponses

% des personnes avec chaque résultat

Votre développement - résultats

Vous n’avez pas pris ce quiz